[Event "Moscow"]
[Site "Moscow"]
[Date "1981.04.??"]
[Round "11"]
[White "Smyslov, Vassily V"]
[Black "Beliavsky, Alexander G"]
[Result "1-0"]
[WhiteElo "2545"]
[BlackElo "2620"]
[Annotator "Belov,I"]
[PlyCount "145"]
[EventDate "1981.04.08"]
[EventType "tourn"]
[EventRounds "13"]
[EventCountry "URS"]
[EventCategory "15"]
[SourceTitle "MCL"]
[Source "ChessBase"]
[SourceDate "1999.07.01"]
[SourceVersion "1"]
[SourceVersionDate "1999.07.01"]
[SourceQuality "1"]

1. c4 e6 2. Nc3 d5 3. d4 Be7 4. Nf3 Nf6 5. Bf4 O-O 6. e3 c5 7. dxc5 Bxc5 8.
cxd5 Nxd5 9. Nxd5 exd5 10. Bd3 (10. a3 Nc6 11. Bd3 Bb6 12. O-O d4 13. e4 Bg4
14. h3 Bh5 15. g4 Bg6 16. Rc1 Rc8 17. Re1 Kh8 18. Kg2 f6 $10 {Karpov,
An-Beliavsky,A/Tilburg/1993/Inf 59/(442)/}) 10... Bb4+ 11. Ke2 Bd6 (11... Nc6
12. Qc2 h6 13. Rhd1 Qf6 14. Kf1 Ba5 15. Be2 Bb6 16. Qd2 Rd8 17. Nd4 Nxd4 18.
exd4 Bf5 $10 {Quinteros,M-Najdorf,M/Mar del Plata/1982/}) 12. Bxd6 Qxd6 13. Qa4
$5 (13. Qc2 g6 14. Rac1 Bg4 15. Qc5 Qe5 16. Qc3 Qh5 17. Qf6 Nd7 18. Qf4 Rac8
19. Rxc8 Rxc8 20. Rd1 Ne5 $13 {Petrosian,A-Beliavsky,A/Lvov/1981/}) 13... Nc6
14. Rhd1 Ne5 (14... Qf6 15. Rd2 Be6 16. Kf1 Rfd8 $10) 15. Nxe5 Qxe5 16. Qh4 g6
17. Rd2 d4 (17... Be6 $5) (17... Bf5) 18. e4 $14 (18. Qxd4 Qxh2 $10) 18... Re8
19. Kf1 Be6 20. f4 Qa5 21. Qf2 $1 (21. Rf2 {/\ f5/} f5 22. e5 Rad8 $13) 21...
Rac8 22. Kg1 Red8 23. h3 Rc6 (23... f5 $6 24. exf5 Bxf5 25. Bxf5 Qxf5 26. Rxd4
Rxd4 27. Qxd4 Rc2 28. Re1 $16) 24. f5 $1 Bc4 25. Bxc4 Rxc4 26. b3 $1 Rb4 $8 {
>< d4/} 27. Rf1 $1 Rd7 28. Rd3 $1 Qe5 29. Rf3 Qe7 (29... Qxe4 $2 30. fxg6 fxg6
31. Rf8+ Kg7 32. Rf7+ $1 $18) 30. e5 $16 gxf5 $1 (30... d3 $6 31. e6 fxe6 32.
fxe6 Qxe6 33. Rxd3 $1 Rf7 (33... Rxd3 34. Qf8#) 34. Rd8+ Kg7 35. Qb2+ Kh6 36.
Qd2+ $18) 31. Qg3+ (31. Rxf5 Rb6 $1 {/\ Rg6/}) 31... Kf8 32. Rxf5 Rb6 $1 $14 (
32... d3 $2 33. Rg5) 33. Qd3 (33. Rxf7+ Qxf7 34. Rxf7+ Kxf7 $13) 33... Rg6 34.
R1f4 {>< d4/} Qe6 35. h4 $5 Qd5 36. Re4 Qe6 $6 (36... Rg3 $1 37. Rf3 Rxf3 38.
gxf3 $13) 37. Rff4 Rd5 38. Rxd4 Qxe5 $5 (38... Rxe5 39. Rd7 Rf6 40. Qxh7 $1 $18
) 39. Rxf7+ $1 (39. Rxd5 Qxf4 40. Rd8+ Kg7 $10) 39... Kxf7 40. Rxd5 Qe1+ $8 41.
Qf1+ $8 Qxf1+ 42. Kxf1 Rc6 $5 43. Kg1 $1 (43. Rd7+ Kg6 44. Rxb7 Rc1+ 45. Kf2
Rc2+ 46. Kf3 Rxa2 47. g4 Ra1 $16) 43... Kg6 (43... Rc2 44. Rd7+ Kg6 45. a4) 44.
Kh2 Ra6 (44... Rc2 45. a4 Rc3 46. Rg5+ Kf6 47. Rg3 $16) 45. Rd2 Rb6 46. Kh3 a5
$6 (46... Rb4) 47. Rd5 a4 48. bxa4 Rb4 49. Rg5+ Kh6 50. Rg4 $18 Rb2 51. a3 Rb3+
52. Rg3 Rb1 53. Rd3 Kg6 54. Kg4 Rc1 55. Rd6+ Kg7 56. Rd7+ Kg6 57. h5+ Kh6 58.
Rd6+ Kg7 59. Rd4 $1 Rc3 60. Rb4 Kg8 61. Kf5 (61. Rxb7 $6 Rc4+ 62. Kf5 Rxa4 $16)
61... Rc5+ 62. Ke6 (62. Kf6 $1) 62... Rxh5 63. Rxb7 Rg5 64. Rb2 Rg3 65. a5 $1
Rg5 (65... Rxa3 66. Kf6 $1 h6 67. Kg6 $18) 66. Kf6 $1 Rg6+ 67. Ke7 h5 (67...
Rg5 68. a6 Ra5 69. Rb6 Rxa3 70. Kd7 $18) 68. Kd7 h4 69. Kc7 Kh8 70. Rb4 Rxg2
71. Rxh4+ Kg7 72. a6 Re2 73. Rd4 1-0

[Event "Sochi"]
[Site "Sochi"]
[Date "1993.??.??"]
[Round "?"]
[White "Tregubov, Pavel V"]
[Black "Doroshkievich, Vladimir K"]
[Result "1-0"]
[WhiteElo "2475"]
[BlackElo "2405"]
[Annotator "Belov,I"]
[PlyCount "60"]
[EventDate "1993.09.??"]
[EventType "tourn"]
[EventRounds "13"]
[EventCountry "RUS"]
[EventCategory "10"]
[SourceTitle "CBM 038"]
[Source "ChessBase"]
[SourceDate "1994.02.01"]
[SourceVersion "1"]
[SourceVersionDate "1994.02.01"]
[SourceQuality "1"]

1. d4 d5 2. c4 e6 3. Nf3 Nf6 4. Nc3 Nbd7 5. Bf4 (5. cxd5 exd5 6. Bf4 Nb6 (6...
c6 7. Qc2 Bb4 (7... Nh5 8. Bd2 Nb6 9. e4 (9. h3 $5) 9... dxe4 10. Nxe4 Be7 $10
{Bareev,E-Short,N Linares 1992/}) (7... Be7 8. h3 O-O 9. e3 Ne4 10. Bd3 f5 11.
O-O Bf6 12. b4 a6 {Timman,J-Speelman,J Linares 1992 Inf 56/398; 13.Na4+/-
Timman/}) 8. e3 Nh5 9. Bg5 Be7 10. Bxe7 Qxe7 11. O-O-O Nb6 12. h3 g6 13. Bd3
Ng7 14. g4 Nd7 15. Kb1 O-O 16. Qb3 $1 $14 {Epishin,V-Ivanchuk,V Tilburg 1992
Inf 56/446/}) 7. Qc2 g6 8. h3 $1 Bf5 9. Qb3 c6 10. e3 Bg7 11. Be2 Be4 12. O-O
Bxf3 13. Bxf3 O-O 14. a4 a5 15. Ne2 $14 {Epishin,V-Eingorn,V Bern 1993 Inf 57/
402/}) (5. Qc2 $5 Be7 (5... c6 6. e4 $14) 6. Bf4 O-O 7. e3 a6 8. a3 dxc4 9.
Bxc4 b5 10. Ba2 c5 11. Rd1 c4 12. e4 $16 {Gelfand,B-Nogueiras,J Biel 1993/})
5... dxc4 $5 (5... Bb4 6. cxd5 exd5 7. e3 c5 8. Bd3 O-O 9. O-O c4 10. Bc2 Bxc3
11. bxc3 Re8 12. Nd2 Qa5 13. Qc1 $14 {Adorjan,A-Kelesevic,N Sarajevo 1993/}) 6.
e3 c5 $146 (6... Nd5 7. Bxc4 Nxf4 8. exf4 Bd6 9. g3 O-O 10. O-O Nf6 11. Qe2 b6
12. Rfd1 Bb7 13. Rac1 $14 {Botvinnik,M-Menchik,V Hastings 1934/}) (6... Nb6 7.
Bxc4 Nxc4 8. Qa4+ Bd7 9. Qxc4 Bd6 10. Bg5 (10. Bxd6 cxd6 11. d5 e5 12. Qb4 Qb6
$10) 10... h6 11. Bxf6 Qxf6 12. O-O O-O 13. e4 Qd8 14. Rfd1 $14 {Blagojevic,
B-Cvetkovic,S JUG 1993 Inf 57/406/}) 7. Bxc4 cxd4 (7... a6 8. a3 (8. a4 Be7 9.
O-O O-O 10. Qe2 cxd4 11. exd4 Nb6 12. Bb3 Bd7 13. Ne5 Bc6 $14) 8... b5 9. Ba2
Bb7 10. O-O Be7 11. Qe2 O-O 12. Rfd1 Qb6 $10) 8. Qxd4 Bc5 9. Qd3 a6 10. a3 b5 (
10... O-O 11. O-O Nb6 12. Rfd1 Qxd3 13. Bxd3 $14) 11. Ba2 Bb7 12. Rd1 (12. O-O
O-O 13. Rad1 Qb6 14. e4 $16) 12... Qb6 13. O-O Rd8 $6 (13... O-O $5 14. e4 Rfd8
15. Qe2 Nf8 16. Bg5 Rxd1 17. Rxd1 Ng6 $14) 14. e4 O-O 15. Qe2 $16 b4 (15... Nh5
16. Bg5 f6 17. Bc1 g6 18. b4 Be7 19. Nd4 $16) (15... Be7 16. e5 Ne8 17. Ne4 $14
) 16. Na4 Qc6 (16... Qa5 17. Nxc5 Nxc5 18. axb4 Qxb4 19. Bd6 $1 $16) 17. Nxc5
Nxc5 $8 18. e5 b3 $8 19. Bb1 Nfe4 20. Rc1 Qb5 21. Qe3 (21. Rc4 $5 Nd2 22. Bxh7+
Kh8 23. Nxd2 Rxd2 24. Qh5 $18) 21... Nd3 22. Rc7 Ba8 23. a4 Qa5 24. Ra7 Nxf4 $8
25. Qxf4 f5 $8 26. Bxe4 Bxe4 (26... fxe4 27. Qg4 Rf7 28. Rxf7 Kxf7 29. Ng5+ $18
) 27. Qg5 Rf7 28. Rxf7 Kxf7 29. Qh5+ Kg8 (29... Ke7 30. Ng5 Rf8 31. Qxh7 $18)
30. Ng5 h6 (30... h6 31. Qf7+ Kh8 32. Nxe6 Rg8 33. Nf4 $18) 1-0

[Event "Moscow"]
[Site "Moscow"]
[Date "1981.04.??"]
[Round "7"]
[White "Portisch, Lajos"]
[Black "Beliavsky, Alexander G"]
[Result "0-1"]
[WhiteElo "2650"]
[BlackElo "2620"]
[Annotator "Belov,I"]
[PlyCount "84"]
[EventDate "1981.04.08"]
[EventType "tourn"]
[EventRounds "13"]
[EventCountry "URS"]
[EventCategory "15"]
[SourceTitle "MCL"]
[Source "ChessBase"]
[SourceDate "1999.07.01"]
[SourceVersion "1"]
[SourceVersionDate "1999.07.01"]
[SourceQuality "1"]

1. c4 e6 2. Nc3 d5 3. d4 Be7 4. Nf3 Nf6 5. Bf4 O-O 6. e3 c5 7. dxc5 Bxc5 8. Qc2
Nc6 9. Rd1 Qa5 10. a3 Be7 11. Nd2 e5 12. Bg5 d4 13. Nb3 Qd8 14. Be2 a5 15. exd4
(15. Na4 g6 (15... h6 $5 16. Bh4 Bd7 $10) 16. exd4 Bf5 17. Qc1 Nxd4 18. Nxd4
exd4 19. O-O Rc8 $10) (15. Bxf6 $5 Bxf6 16. O-O a4 17. Nc5 Qa5 18. N3xa4 Be7
19. b4 {Korchnoi,V-Huebner,R/Merano (m/6)/1980/0,5 (88) Inf 30/523/} Qc7 $44 {
Beliavsky/}) 15... a4 16. Nxa4 (16. dxe5 $6 Nd7 17. Bxe7 axb3 18. Qxb3 Qxe7 $17
) 16... Nxd4 (16... Rxa4 $6 17. d5 $1 $16) 17. Nxd4 exd4 18. b3 (18. O-O Qa5
19. Bxf6 Bxf6 $10) 18... Qa5+ 19. Bd2 (19. Qd2 Bxa3 (19... Qf5 $5 {Beliavsky/})
20. Qxa5 Rxa5 21. Bxf6 Bb4+ 22. Kf1 gxf6 23. Rxd4 Re5 24. g4 b5 $1 $44 {
Korchnoi,V-Karpov,A/Merano (m/11)/1981/0,5 (35) Inf 32/498/}) 19... Bf5 $1 (
19... Qe5 20. f4 Qe6 21. Bc1 $13) 20. Qb2 Qe5 21. Bb4 (21. Be3 Qa5+ (21... Bxa3
$5 22. Qxd4 Bb4+ 23. Kf1 Qe7 $44) 22. Bd2 Qe5 $10) 21... Bxb4+ 22. axb4 Rfe8
23. Rxd4 Bc2 $1 (23... b5 24. cxb5 Rac8 25. Rd1 $1 $13) 24. Rd2 $1 (24. Qxc2
Qxd4 25. O-O Rad8 26. Bf3 Ne4 27. Bxe4 Rxe4 28. Nc5 Re7 $17) 24... Bxb3 25.
Qxb3 Qa1+ 26. Qd1 (26. Rd1 Qxa4) 26... Qxd1+ 27. Rxd1 Rxa4 28. f3 (28. g3 $5 {
Portisch/}) 28... Rxb4 29. Kf2 Rb2 30. Rhe1 g6 31. Kf1 $6 (31. Rd3 $5 {/\ Re3/}
) 31... Nh5 32. g3 Ng7 $1 33. Rd7 (33. g4 Ne6 {/\ Nf4/}) 33... Ne6 34. Red1 Nd4
$1 $17 (34... Nf4 35. Rd8 $10) (34... Nc5 35. R7d2 $10) 35. R1xd4 (35. Rxb7
Rxb7 36. Rxd4 Rb2 $19) 35... Rexe2 36. Rxb7 Rf2+ $19 37. Kg1 Rg2+ 38. Kh1 Rxh2+
39. Kg1 Rbg2+ 40. Kf1 Rc2 41. Kg1 Rhg2+ 42. Kf1 Rgf2+ (42... Rgf2+ 43. Kg1 Rxf3
44. g4 Ra3 45. Rb1 Ra4) 0-1

[Event "Moscow"]
[Site "Moscow"]
[Date "1981.04.??"]
[Round "4"]
[White "Karpov, Anatoly"]
[Black "Beliavsky, Alexander G"]
[Result "1-0"]
[WhiteElo "2690"]
[BlackElo "2620"]
[Annotator "Belov,I"]
[PlyCount "67"]
[EventDate "1981.04.08"]
[EventType "tourn"]
[EventRounds "13"]
[EventCountry "URS"]
[EventCategory "15"]
[SourceTitle "MCL"]
[Source "ChessBase"]
[SourceDate "1999.07.01"]
[SourceVersion "1"]
[SourceVersionDate "1999.07.01"]
[SourceQuality "1"]

1. c4 e6 2. Nc3 d5 3. d4 Be7 4. Nf3 Nf6 5. Bf4 O-O 6. e3 c5 7. dxc5 Nc6 (7...
Bxc5 $142 8. cxd5 (8. Be2 $5) 8... Nxd5 9. Nxd5 exd5 $10) 8. cxd5 exd5 9. Be2
Bxc5 10. O-O Be6 11. Rc1 (11. Ne5 Bd6 12. Nxc6 bxc6 13. Qa4 Bxf4 14. Qxf4 c5
15. b3 $14 {Mikhalchishin,A-Beliavsky,A/URS/1981/1:0 (37) Inf 31/452/}) (11.
Bg5 Be7 12. Nd4 h6 13. Bh4 Rc8 14. Rc1 $14) (11. Nb5 a6 12. Nbd4 Qb6 13. Nxc6
bxc6 14. Qc2 $14 {Meduna,E-Abramovic,B/Moscow/1982/}) 11... Bb6 12. Qa4 $5 (12.
Ne5 d4 $5 13. Nxc6 bxc6 14. exd4 Qxd4 15. Qxd4 Bxd4 $10 {Knezevic,M-Rukavina,J/
YUG(ch)/1981/}) 12... Bd7 (12... Qe7 13. Rfd1 Rfd8 14. Bg5 h6 15. Bh4 Rac8 16.
Nb5 $14 {Seirawan,Y-Byrne,R/USA(ch)/1981/}) 13. Rfd1 Nd4 (13... d4 $2 14. exd4
Nxd4 15. Rxd4 $18) 14. Qb4 Nxe2+ (14... a5 15. Qa3 Nxe2+ 16. Nxe2 Bg4 17. Ned4
$14 {Gheorghiu,F-Soylu,S/Athens/1981/1:0 (34) Inf 32/500/}) 15. Nxe2 Bg4 16.
Ned4 Ne4 (16... Bxd4 17. Qxd4 (17. Rxd4) 17... Bxf3 18. gxf3 $16) 17. h3 Be6
18. Rc2 $1 $14 {/\ Rdc1/} Rc8 19. Rdc1 Rxc2 20. Rxc2 h6 $6 (20... Re8 $142) 21.
a4 $1 {>< b7/} Re8 $6 (21... a5 $5 22. Qb5 Nd6 23. Qd3 Ne4 $14) 22. Nxe6 $1
fxe6 (22... Rxe6 23. a5) 23. a5 $1 Bxa5 24. Qxb7 $16 Bb6 25. Ne5 Nd6 (25... Re7
26. Qa6 Rc7 27. Nc6 $18) 26. Qc6 Re7 27. Qa4 $1 Rc7 28. Rxc7 Qxc7 29. Nd3 $1
Qe7 (29... Qc4 30. Qd7 $1 Qxd3 31. Qxe6+ Nf7 32. Qe8+ $18) 30. Bxd6 $1 Qxd6 31.
Qe8+ Kh7 32. Nf4 $18 e5 (32... d4 33. Qg6+ Kg8 34. Nxe6 Qd7 35. Nxd4 $1 Bxd4
36. Qd3 $18) 33. Ne6 Bc5 34. Qf7 (34. Qf7 Qe7 35. Qf5+ Kg8 36. Qxe5 $18) 1-0

[Event "Moscow Aeroflot op-A 15th"]
[Site "Moscow"]
[Date "2016.03.06"]
[Round "6"]
[White "Gelfand, Boris"]
[Black "Grachev, Boris V"]
[Result "1-0"]
[WhiteElo "2735"]
[BlackElo "2639"]
[Annotator "Besenthal,K"]
[PlyCount "237"]
[EventDate "2016.03.01"]
[EventType "swiss"]
[EventRounds "9"]
[EventCountry "RUS"]
[SourceTitle "CBM 171"]
[Source "ChessBase"]
[SourceDate "2016.03.14"]
[SourceVersion "2"]
[SourceVersionDate "2016.03.14"]
[SourceQuality "1"]

1. d4 d5 2. c4 e6 3. Nf3 Nf6 4. Nc3 Nbd7 5. Bf4 dxc4 6. e3 b5 7. Nxb5 Bb4+ {
Diagramm [#]} 8. Nd2 {Gelfands Neuerung, die es ihm erlaubt, den Lf4 zu
behalten.} ({Bislang wurde nur} 8. Nc3 Nd5 {erprobt.}) 8... Nd5 9. Bg3 N7b6 10.
Qc2 O-O 11. Be2 Ba6 12. Nc3 c5 13. dxc5 Bxc5 14. Nxd5 {Diagramm [#]} Nxd5 ({
Schaut man sich den Verlauf der Partie an, dann war} 14... exd5 {vielleicht
vorzuziehen. Aber auch dann wären die schwarzen Bauern wohl mehr Schwäche
als Stärke und die Verteidigung entsprechend schwer zu führen. Weiß
hingegen könnte das starke Feld d4 für seine Figuren nutzen und einfach mit
den Schwerfiguren in der c- bzw. d-Linie gegen das schwarze Zentrum drücken.})
15. Bxc4 Bxc4 16. Nxc4 Rc8 17. Qb3 Bb4+ 18. Ke2 Qg5 19. Rhc1 h5 20. Ne5 Rxc1 (
20... h4 $2 21. Nf3) 21. Rxc1 Bd6 22. h4 Qd8 23. e4 Bxe5 24. Bxe5 Ne7 25. Rc5
Ng6 26. Bg3 Qd4 27. Rc4 Qd7 28. Rc7 Qd4 29. Qc2 Rd8 30. Rc8 Rxc8 31. Qxc8+ Kh7
32. Qc2 e5 33. Kf1 Qd8 34. Qe2 Kg8 35. Kg1 Nxh4 36. Bxe5 Qa5 37. Bg3 Ng6 38. a3
h4 39. Bd6 Qb6 40. Qd2 Qb3 41. Kh2 h3 42. gxh3 Nh4 43. Qe3 Qd1 44. Bb4 f6 45.
Qg3 Nf3+ 46. Kg2 Ng5 47. Qe3 Qc2 48. h4 Nxe4 49. Qxa7 Qc8 50. Qe3 Qg4+ 51. Kf1
Qxh4 52. Be1 Ng5 53. Ke2 Qg4+ 54. Kd3 Qf5+ 55. Kc4 Qc2+ 56. Bc3 Qa4+ 57. Bb4
Qa6+ 58. Kb3 Ne6 59. Qe4 Qb6 60. Qd5 Qa6 61. a4 Qe2 62. a5 Kh8 63. Bc3 Nf4 64.
Qc4 Qd1+ 65. Kb4 Qd6+ 66. Ka4 Nd5 67. Bd4 Nc7 68. Bb6 Qd1+ 69. Ka3 Qa1+ 70. Kb3
Qd1+ 71. Ka2 Na6 72. b3 Qd2+ 73. Ka3 Qd6+ 74. b4 Qd2 75. b5 Qd6+ 76. Kb3 Qd1+
77. Qc2 Qd5+ 78. Ka4 Qd7 79. f4 f5 80. Qh2+ Kg8 81. Qe2 Kh8 82. Kb3 Qd5+ 83.
Ka4 Qd7 84. Qh2+ Kg8 85. Qa2+ Kh7 86. Qb3 Kh8 87. Be3 Nc7 88. Bc5 Na6 89. Bb6
Kh7 90. Qc2 Kh8 91. Qe2 Kh7 92. Kb3 Qd5+ 93. Kc3 Nc5 94. Bxc5 Qxc5+ 95. Kb3
Qd5+ 96. Kb4 Qd6+ 97. Kc4 Qc7+ 98. Kb3 Qxa5 99. Qh5+ Kg8 100. Qxf5 Qe1 101. Qe5
Qd1+ 102. Kb4 Qd2+ 103. Kc5 Qc1+ 104. Kb6 Kh8 105. Kb7 Qh1+ 106. Kb8 Qb1 107.
Qc5 Qe4 108. Qh5+ Kg8 109. Qe5 Qb4 110. Kb7 Kh7 111. b6 g6 112. Kc7 Qc4+ 113.
Kd8 Qd3+ 114. Kc8 Qh3+ 115. Kb8 Qd3 116. b7 g5 117. Kc7 Qc4+ 118. Kd8 Qd3+ 119.
Ke8 {Diagramm [#] Es ist geschafft! Bewundernswerte Technik und großer
Kampfgeist!} 1-0

[Event "Neckar op-A 12th"]
[Site "Deizisau"]
[Date "2008.03.24"]
[Round "8"]
[White "Bindrich, Falko"]
[Black "Graf, Alexander"]
[Result "1-0"]
[WhiteElo "2497"]
[BlackElo "2585"]
[Annotator "Bindrich,F"]
[PlyCount "85"]
[EventDate "2008.03.20"]
[EventType "swiss"]
[EventRounds "9"]
[EventCountry "GER"]
[SourceTitle "CBM 124"]
[Source "ChessBase"]
[SourceDate "2008.05.28"]
[SourceVersion "1"]
[SourceVersionDate "2008.05.28"]
[SourceQuality "1"]

1. d4 d5 2. Nf3 Nf6 3. c4 e6 4. Nc3 Be7 5. Bf4 O-O 6. e3 c5 7. dxc5 Bxc5 8.
cxd5 exd5 9. Be2 Nc6 10. O-O Be6 11. Rc1 Rc8 12. a3 h6 $6 {Meiner Meinung nach
ein schwacher Zug, er schwächt unnötig die schwarze Königsstellung.} 13. Nb5 (
13. Bg3 Bb6 14. Ne5 Ne7 15. Na4 Ne4 16. Rxc8 Bxc8 17. Nf3 Bd7 18. Be5 Bxa4 19.
Qxa4 Nc6 20. Bf4 Qf6 21. Bb5 Qxb2 22. Bxc6 Nc3 23. Qb4 Qxb4 24. axb4 bxc6 25.
Be5 Nb5 26. Rc1 Rc8 27. Nd4 f6 28. Bxf6 Bxd4 29. Bxd4 Nxd4 30. exd4 Rb8 31. Kf1
Rxb4 32. Rxc6 Rxd4 33. Ra6 Kf7 34. Rxa7+ Kf6 35. Rd7 h5 36. Ke2 g5 37. Ke3 Re4+
38. Kd3 Ke6 39. Rg7 Kf6 40. Rd7 Ke6 {1/2-1/2 Fischer,R-Spassky,B/Reykjavik
1972/MainBase}) 13... Be7 (13... Qe7 14. b4) (13... Ne4 14. Nd2 Nxd2 (14... Be7
15. Nxe4 dxe4 16. Nd6 Bxd6 17. Bxd6 Re8 18. Rc5 Qf6 19. Qc2 Bb3 20. Qxb3 Qxd6
21. Rb5 b6 22. Rd1) 15. Qxd2 Be7 16. Rfd1 Qb6 {1/2-1/2 Yrjola,J-Pihlajasalo,A/
Finland 1999/EXT 2001} 17. Nc3 Rfd8 18. Na4 Qb3 19. Nc5 Bxc5 20. Rxc5 d4 21. e4
$14) (13... Bb6 $2 14. Nd6 (14. Nfd4 Nxd4 15. Nxd4 Rxc1 16. Qxc1 Bxd4 17. exd4
Qb6 {1/2-1/2 O'Kelly de Galway,A-Timman,J/London 1973/MCL})) 14. Nbd4 Qb6 15.
Nxe6 fxe6 16. b4 a6 17. Bd3 Rcd8 $2 (17... Nh5 18. Be5 $14) (17... Ne4 18. h3
$1 $14) (17... Rfd8 18. Qe2 Bd6 19. Qb2 $5 $14) 18. Ne5 $2 (18. Nd4 $3 {
Hätte auf der Stelle gewonnen!} Kf7 (18... Nxd4 19. Bc7 $3 $18) 19. Nxc6 bxc6
20. Qa4 c5 21. bxc5 Bxc5 22. Rc3 $1 Rc8 23. Rfc1 Kg8 24. Be5 Rf7 25. Bg6 Rb7
26. Qf4 $18) (18. Qe2 Bd6 19. Bxd6 Rxd6 20. Rfd1) 18... Bd6 19. Nxc6 bxc6 20.
Bg3 $5 (20. Bxd6 $142 Rxd6 21. Rc5 $5 Nd7 (21... e5 22. Ra5 e4 23. Be2 $1 $16)
22. Ra5 c5 23. Rxa6 Qc7 24. Rxd6 Qxd6 25. bxc5 Nxc5 26. a4 $16) 20... Bxg3 21.
hxg3 Nd7 22. Be2 $5 Ra8 (22... c5 $1 23. bxc5 Nxc5 24. Qd4 Rc8 25. Rc3 Qd6 26.
Bf3 Rc6 27. Rfc1 Rfc8 {And it is difficult to make progress for either side.})
23. Rc3 $5 (23. Qd4 $1 Qc7 24. Rc3 Qd6 25. Rfc1 Rfc8 26. Qf4 e5 27. Qf5 $1)
23... a5 24. Qc2 Ne5 25. f4 Nd7 26. Kh2 (26. Bg4 Rfe8 27. Rxc6 Qxe3+ 28. Qf2 $1
Qxf2+ 29. Kxf2 axb4 30. axb4 Nf8 31. Rb1 $14) 26... Nf6 27. Bf3 axb4 28. axb4
Qxb4 29. Rxc6 Rae8 30. Rb1 Qa5 $6 {Schwarz verliert durch diesen Zug die
Kontrolle über die 7. Reihe.} (30... Qa3 $142 31. Rb7 (31. Qg6 Re7 $1 $14)
31... Rf7 (31... Re7 32. Rcc7 Rff7 $14) 32. Rcc7 Rxc7 33. Qxc7 Qf8 $1 $14) 31.
Rb7 $5 (31. Qg6 $5 Qa7 (31... Rf7 32. f5 $1 $16 {und Weiß erhält eine
verbesserte Version, im Vergleich zur Partie}) 32. f5 Qf7 33. Qxf7+ Rxf7 34.
fxe6 Rfe7 35. Rbb6 $16 {mit guten Gewinnchancen, aber Weiß hat einige
technische Probleme}) 31... Rf7 32. Rxf7 Kxf7 33. f5 $5 Qd8 $1 {Der einzige
Zug, der nicht sofort verliert.} (33... e5 34. Rxf6+ Kxf6 35. Qc6+ Ke7 36. Bxd5
Qa7 37. Bc4 $3 Qd7 38. Qxd7+ Kxd7 39. Bb5+ Ke7 40. Bxe8 Kxe8 $18) (33... Qa1
34. fxe6+ Rxe6 35. Bxd5 $1 Nxd5 36. Qf5+ Qf6 37. Qxd5 Qe5 38. Qxe6+ Qxe6 39.
Rxe6 Kxe6 40. g4 Ke5 41. Kg3 Ke4 42. Kf2 $18 g5 43. Ke2 Kd5 44. Kd3 Ke5 45. e4)
(33... Qb5 {Nach diesem Zug entstehen die schönsten Varianten.} 34. fxe6+ Rxe6
35. Bh5+ Ke7 36. Rc7+ Kd6 (36... Kf8 37. Rf7+) 37. Rxg7 Qb6 (37... Nxh5 38.
Qc7#) (37... Qc6 38. Qb2 $1) (37... Qc5 38. Qb2 $1) (37... Qc4 38. Qb2 $1 Nxh5
39. Qb8+ Kc5 40. Rc7+ Rc6 41. Rb7 $3 Qa6 42. Rb1 Qa3 43. Qf8+ Rd6 44. Qe8 $1
$18) 38. Qa4 $3 Nxh5 39. Rd7+ Ke5 40. Qg4 $3 $18) 34. Rc7+ Re7 $1 (34... Kg8
35. fxe6 Qd6 36. Rc6 Qe5 37. Qg6 Rxe6 38. Bxd5 Qxd5 39. Rc8+ Re8 40. Rxe8+ Nxe8
41. Qxe8+ Kh7 42. e4 Qd3 43. e5 Qg6 44. Qxg6+ Kxg6 45. g4 $1 Kf7 46. Kg3 $18)
35. fxe6+ Kxe6 36. Rc6+ Kf7 37. Qf5 $6 (37. e4 $142 $1 Rxe4 (37... Nxe4 38.
Bh5+ g6 39. Rxg6 $18) (37... dxe4 38. Qc4+ $18) 38. Bxe4 Nxe4 $14 {Weiß steht
besser, hat aber technische Probleme.} (38... dxe4 39. Qc4+)) (37. Qc5 $5 Rd7
$1 $11) 37... Rd7 $8 $11 {Schwarz hat sich perfekt verteidigt.} 38. Bh5+ Kg8
39. Bg6 Rc7 $1 40. Rb6 Kh8 $6 (40... Qc8 $1 $11) 41. Re6 {Stellt die letzte
Falle... ... und Schwarz fällt hinein.} Ra7 $4 (41... Re7 $4 42. Rxf6 gxf6 43.
Qxf6+ Kg8 44. Bf7+ $1 $18) (41... Qg8 $2 42. Rxf6 gxf6 43. Qxf6+ Rg7 44. Bf5 $1
$18) (41... Kg8 $1 $11) (41... Rc8 $5 42. Re8+ Qxe8 43. Bxe8 Rxe8 $11 {Schwarz
droht mittels Te8-e4 eine Festung aufzubauen, deswegen ist die Stellung remis.}
44. g4 Rxe3 $11) 42. Re8+ $1 $18 Qxe8 43. Bxe8 1-0

[Event "World-ch33-KK4 Kasparov-Karpov +4-4=16"]
[Site "Seville"]
[Date "1987.12.11"]
[Round "22"]
[White "Kasparov, Garry"]
[Black "Karpov, Anatoly"]
[Result "1/2-1/2"]
[WhiteElo "2740"]
[BlackElo "2700"]
[Annotator "Bulletin"]
[PlyCount "37"]
[EventDate "1987.10.12"]
[EventType "match"]
[EventRounds "24"]
[EventCountry "ESP"]
[SourceTitle "MainBase"]
[Source "ChessBase"]
[SourceDate "1999.07.01"]
[SourceVersion "2"]
[SourceVersionDate "1999.07.01"]
[SourceQuality "1"]

1. d4 Nf6 2. c4 e6 3. Nf3 d5 4. Nc3 Be7 5. Bf4 O-O 6. e3 c5 7. dxc5 Bxc5 8. Rc1
Nc6 9. cxd5 exd5 10. Be2 d4 {N; 10...Be6 - 42/531} 11. exd4 Nxd4 12. Nxd4 Qxd4
13. Qxd4 Bxd4 14. Nb5 Bb6 15. O-O (15. Nc7 $2 Bxc7 16. Bxc7 Re8 $17) 15... Be6
16. a3 Rfd8 17. Nd6 Rd7 18. Bb5 Re7 19. Rfe1 1/2-1/2

[Event "EU-chT (Men) 10th"]
[Site "Debrecen"]
[Date "1992.11.??"]
[Round "5.1"]
[White "Sokolov, Ivan"]
[Black "Lobron, Eric"]
[Result "1-0"]
[WhiteElo "2630"]
[BlackElo "2575"]
[Annotator "Bulletin"]
[PlyCount "81"]
[EventDate "1992.11.20"]
[EventType "team-swiss"]
[EventRounds "9"]
[EventCountry "HUN"]
[SourceTitle "EU-chT"]
[Source "ChessBase"]
[SourceDate "1999.07.01"]
[SourceVersion "2"]
[SourceVersionDate "1999.07.01"]
[SourceQuality "1"]
[WhiteTeam "Bosnia&Herzegovina"]
[BlackTeam "Germany"]
[WhiteTeamCountry "BIH"]
[BlackTeamCountry "GER"]

1. d4 Nf6 2. Nf3 d5 3. c4 e6 4. Nc3 Be7 5. Bf4 O-O 6. e3 c5 7. dxc5 Bxc5 8. a3
Nc6 9. Be2 Re8 $5 (9... dxc4) 10. Bg5 $5 (10. O-O e5 11. Bg5 d4 12. Ne4 (12.
Nd5 $6 d3 $1 13. Bxd3 (13. Bxf6 $4 dxe2 $19) (13. Qxd3 e4 14. Qc3 Nxd5 $1 15.
cxd5 Qxd5 16. Bf4 exf3 17. Bxf3 Qf5 18. g4 Qg6 19. Qxc5 Bxg4 $17 {->}) 13... e4
14. Bxe4 Rxe4 15. Nxf6+ gxf6 16. Qxd8+ Nxd8 17. Bxf6 $15) 12... Be7 13. Bxf6
Bxf6 $13) 10... Be7 11. Qc2 h6 12. Bh4 (12. Bxf6 $6 Bxf6 13. cxd5 exd5 {/\ d4|^
}) 12... dxc4 13. Bxc4 Nd5 $1 14. Bxe7 (14. Bxd5 exd5 15. Bxe7 Rxe7 {/\ 16...
d4, 16... Bg4} 16. O-O-O Be6 $13) 14... Ncxe7 15. O-O Nxc3 16. Qxc3 Qc7 17. Nd4
(17. Rac1 $142) 17... Bd7 $10 18. Rac1 Rac8 19. Qd3 $6 (19. Qb3) 19... Qb6 $6 (
19... Red8) 20. b4 Red8 21. Qe4 Bc6 22. Qe5 Bd5 23. Bxd5 Nxd5 24. Nb3 $1 Nf6 $2
(24... Qa6 $2 25. Nc5 Qxa3 26. Nxe6) (24... Qb5 $13 {/\ 25. e4 Nc3, /\} 25. Nc5
Nf6) 25. h3 $36 {/\ Qa5} Rxc1 26. Rxc1 Rd3 27. Nd4 $2 (27. Rc8+ Kh7 28. Nc5 $1
{><e4} Rxa3 29. Qb8 $16 {->}) 27... Rxa3 28. Rc8+ Kh7 29. Qb8 $2 (29. Rc7 Qxb4
(29... Kg8 30. Rc8+ Kh7 $10) 30. Rxf7 Qe1+ 31. Kh2 Qxf2 32. Qc7 (32. Nf3 $2 Ra2
) 32... Ng4+ $1 33. hxg4 Qh4+ 34. Kg1 Qe1+ 35. Kh2 Qh4+ $10) 29... Ra1+ $2 (
29... Ne4 $1 $17 {/\} 30. f4 $2 Rxe3 31. Rh8+ Kg6 32. Qe5 Re1+ 33. Kh2 Qd6 $19)
30. Kh2 Ne4 31. f4 $1 Nd2 32. h4 $1 $18 Nf1+ 33. Kh3 Nxe3 (33... Ra3 34. h5
Rxe3+ 35. Nf3 g6 (35... g5 36. Rh8+ Kg7 37. fxg5 hxg5 38. Qg8+ Kf6 39. Qxg5#)
36. Rh8+ Kg7 37. Qf8+ Kf6 38. hxg6) 34. Rh8+ Kg6 35. h5+ $1 Kxh5 36. Qe5+ f5
37. Qxe3 Rh1+ 38. Kg3 Rb1 39. Re8 Qxb4 40. Qe2+ Kg6 41. Qxe6+ 1-0